| 000 | 01880nam a2200265 a 4500 | ||
|---|---|---|---|
| 003 | CO-CtgCURN | ||
| 005 | 20260408140813.0 | ||
| 008 | 190724s2019 xx 000 0 und d | ||
| 020 | _a9788479789598 | ||
| 040 |
_aCO-CtgCURN _bspa _ccoctgcurn |
||
| 082 | 0 |
_a519.53 _bP949 |
|
| 100 | 1 | _aPrieto Valiente, Luis. | |
| 245 | 1 | 0 |
_aBioestadística sin dificultades matemáticas : _ben busca de tesoros escondidos: análisis estadísticos de datos en investigación médica y sociológica / _cLuis Prieto Valiente, Inmaculada Herranz Tejedor. |
| 260 |
_aMadrid : _bDiaz de Santos, _c2019. |
||
| 260 | _c2019. | ||
| 300 |
_a402 paginas ; _c24 cm. |
||
| 505 | 8 | _a1. Estadística descriptiva. Distribuciones de frecuencia -- 2. Estadística descriptiva. Medidas de centralizacion y de dispersion -- 3. Estadística descriptiva. Relacion entre dos variables -- 4. Relacion entre tres variables. Análisis estratificado. Confusion e interaccion -- 5. Proporciones y probabilidad --6. Distribuciones de probabilidad: binomial, poisson y normal -- 7. Inferencia estadística con una proporcion -- 8. Distribucion normal y teorema central del limite -- 9. Inferencia estadística con una media -- 10. La inferencia estadística con dos medias -- 11. -- 12. Tamano de muestra para estimación -- 13. Diseno caso-control -- 14. Tablas de contingencia -- 15. Análisis de varianza -- 16. Regresion lineal: descriptiva e inferencia -- 17. La inferencia bayesiana -- 18. . Potencia estadística de una investigación y tamano de muestra para tests | |
| 590 | _aBioestadística (Enfermería) | ||
| 590 | _aBioestadística mediada por las TICs (Bacteriología) | ||
| 650 | 0 | _aBioestadística. | |
| 650 | 0 | _aBioestadística medica. | |
| 700 | 1 | _aHerranz Tejedor, Inmaculada. | |
| 942 |
_cBK _h519.53 _iP949 _2ddc _n0 |
||
| 999 |
_c2392 _d2392 |
||